000 nam a22 7a 4500
999 _c9142
_d9142
008 180123b ||||| |||| 00| 0 eng d
100 _aNCERT
_95413
245 _aIndian economic development
260 _aNew Delhi
_bNCERT
_c2007